Countries by Letter - Statistics

General Stats
  • This quiz has been taken 148 times
    108 since last reset
  • The average score is 22 of 27
Answer Stats
Hint Answer % Correct
Denmark
95%
Q Qatar
95%
Zimbabwe
95%
O Oman
92%
Y Yemen
92%
Z Zambia
91%
France
88%
Venezuela
84%
H Haiti
82%
F Finland
81%
J Jamaica
81%
Japan
81%
Hungary
80%
Jordan
80%
Russia
80%
Fiji
79%
Rwanda
79%
Honduras
78%
Dominica
76%
Romania
76%
Vatican City
76%
Vietnam
75%
Djibouti
74%
Dominican Republic
74%
V Vanuatu
74%
D Democratic Republic of the Congo
67%
R Republic of the Congo
53%
No matching quizzes found
Score Distribution
Percent of People with Each Score
Percentile by Number Answered
Your Score History
You have not taken this quiz since the last reset